000 00474nam a22001697a 4500
005 20251108170803.0
008 250721s1997 xx 000 0 ara d
082 1 4 _aط/ق/طحا
100 1 _aالطحان، نهلة
245 1 0 _aالمطر /
264 1 _aعمان :
_bدار الينابيع للنشر و التوزيع،
_c1997.
300 _a31ص.
650 1 7 _aالطقس
653 _aناشئون صغار (10-14)سنة
942 _2ddc
_cBK
999 _c48960
_d48960